000 00587nam a22002051a 4500
001 6208
003 OSt
005 20260204212043.0
008 060313s2001||||cl ||||||b||||||||||spa||
020 _a9562781607
050 _a658.4012 Z61e
100 _aZevallos, Emilio G.
245 _aExperiencias internacionales sobre políticas para la empresa media / Emilio G. Zevallos
264 _aChile : McGraw-Hill
300 _a181 p
500 _aDonado
650 _a1.Administración Estrategia
700 _aEquihua Zamora, J. Alberto II.Torres Gonzales, ElfidÌ
942 _2ddc
_cBK
999 _c6208
_d6208